Disney characters by adjectives Quiz Stats

 Plays Quiz not verified by Sporcle

Challenge
Share
Tweet
Embed
Score 0/10 Timer 10:00
0 Plays Today
Adjectives Name % Correct
Inventive, smart, adventurousAladdin
54.5%
Strong, valiant, divineHercules
54.5%
Curious, determined, braveAriel
54.5%
Self-centred, rude, popularGaston
40%
Lucky, small, muteCri-kee
38.2%
Forgetful, clumsy, sociableDory
34.5%
Wise, protective, honestMufasa
25.5%
Bookworm, creative, absent-mindedAlice
21.8%
Generous, humble, charmingEsmeralda
14.5%
Playful, voracious, friendlyMeeko
12.7%

You're not logged in!

Compare scores with friends on all Sporcle quizzes.
Join for Free
OR
Log In

You Might Also Like...

Show Comments

Extras

Top Quizzes Today


Score Distribution

Your Account Isn't Verified!

In order to create a playlist on Sporcle, you need to verify the email address you used during registration. Go to your Sporcle Settings to finish the process.

Report this User

Report this user for behavior that violates our Community Guidelines.

Details: